[Event "Rijeka Liburnija op"]
[Site "Rijeka"]
[Date "2014.01.24"]
[Round "9"]
[White "Radikovic, Anamarija"]
[Black "Batory, Drazen"]
[Result "1/2-1/2"]
[WhiteElo "1600"]
[BlackElo "1548"]
[PlyCount "150"]
[EventDate "2014.01.17"]
[EventType "swiss"]
[EventRounds "9"]
[EventCountry "CRO"]
[SourceTitle "CBM 158 Extra"]
[Source "ChessBase"]
[SourceDate "2014.02.28"]
[SourceVersion "1"]
[SourceVersionDate "2014.02.28"]
[SourceQuality "1"]

1. d4 d5 2. c4 e6 3. Nc3 c6 4. e4 Bb4 5. e5 Ne7 6. Nf3 0-0 7. Bd3 dxc4 8. Bxc4 c5 9. a3 cxd4 10. axb4 dxc3 11. Qxd8 Rxd8 12. bxc3 b6 13. 0-0 h6 14. Be3 Bb7 15. Rad1 Nd7 16. Be2 Ng6 17. Bd4 Rac8 18. Rfe1 Nf4 19. Ra1 Nxe2+ 20. Rxe2 Ra8 21. Nd2 Nb8 22. Ree1 Nc6 23. Nb3 Nxd4 24. cxd4 Bd5 25. Reb1 Rd7 26. Nd2 Rc7 27. Rc1 Rac8 28. Rxc7 Rxc7 29. h4 f6 30. Nf3 Bxf3 31. gxf3 Rd7 32. h5 Rxd4 33. Rxa7 Rxb4 34. exf6 gxf6 35. Ra8+ Kf7 36. Ra7+ Ke8 37. Rh7 Kf8 38. Rxh6 Kg7 39. Rg6+ Kf7 40. Rh6 Rh4 41. Rh7+ Kg8 42. Rh6 b5 43. Rxf6 e5 44. Rg6+ Kh7 45. Rg5 b4 46. Rxe5 Kh6 47. Rb5 b3 48. Rxb3 Kxh5 49. Rb8 Kg5 50. Rb5+ Kf6 51. Kg2 Rc4 52. Kg3 Rc3 53. Kg4 Rc4+ 54. f4 Rc1 55. Rb6+ Kf7 56. Kf5 Rf1 57. Rb7+ Ke8 58. Ke6 Re1+ 59. Kf6 Rf1 60. Re7+ Kd8 61. Re2 Rb1 62. f5 Rb6+ 63. Re6 Rb4 64. Kg7 Rf4 65. f6 Kd7 66. Ra6 Rg4+ 67. Kf8 Rf4 68. f7 Rxf2 69. Ra7+ Kd8 70. Kg8 Rg2+ 71. Kh7 Rh2+ 72. Kg6 Rg2+ 73. Kh5 Rf2 74. Ra8+ Ke7 75. Re8+ Kxf7 1/2-1/2

[Event "Rijeka Liburnija op"]
[Site "Rijeka"]
[Date "2014.01.23"]
[Round "8"]
[White "Batory, Drazen"]
[Black "Troselj, Ivan"]
[Result "1/2-1/2"]
[WhiteElo "1548"]
[BlackElo "1798"]
[PlyCount "114"]
[EventDate "2014.01.17"]
[EventType "swiss"]
[EventRounds "9"]
[EventCountry "CRO"]
[SourceTitle "CBM 158 Extra"]
[Source "ChessBase"]
[SourceDate "2014.02.28"]
[SourceVersion "1"]
[SourceVersionDate "2014.02.28"]
[SourceQuality "1"]

1. e4 e5 2. Nf3 Nc6 3. d4 exd4 4. Nxd4 Bc5 5. Nxc6 bxc6 6. Bd3 d5 7. 0-0 Ne7 8. Nc3 0-0 9. b3 Bd4 10. Bb2 dxe4 11. Bxe4 Bf5 12. Qd3 Bxc3 13. Qxc3 f6 14. Rad1 Nd5 15. Qc4 Bxe4 16. Qxe4 Re8 17. Qf3 Qe7 18. Rd2 Qe1 19. Rd1 Qe6 20. c4 Nb6 21. Rd2 Rad8 22. Rxd8 Rxd8 23. Rd1 Rd2 24. Rb1 Rxb2 25. Rd1 Qd7 26. g3 Rd2 27. Rxd2 Qxd2 28. Qxc6 Qd7 29. Qc5 Qd6 30. Qa5 Nc8 31. Kg2 Kf7 32. Qh5+ Kg8 33. Qe8+ Qf8 34. Qe6+ Kh8 35. Qd7 Ne7 36. Qxc7 Qa8+ 37. f3 Ng8 38. c5 g5 39. c6 Qe8 40. Kf2 Ne7 41. Qd7 Qh5 42. Qd8+ Ng8 43. Kg2 g4 44. f4 Qh3+ 45. Kg1 Qh5 46. c7 Qc5+ 47. Kf1 Qc1+ 48. Ke2 Qc2+ 49. Ke3 Qc3+ 50. Ke4 Qc2+ 51. Kd5 Qd3+ 52. Ke6 Qe4+ 53. Kd7 Qf5+ 54. Kc6 Qe6+ 55. Kb5 Qb6+ 56. Kc4 Qc6+ 57. Kd3 Qf3+ 1/2-1/2

[Event "Rijeka Liburnija op"]
[Site "Rijeka"]
[Date "2014.01.19"]
[Round "4"]
[White "Batory, Drazen"]
[Black "Becirbasic, Bajro"]
[Result "1-0"]
[WhiteElo "1548"]
[BlackElo "1600"]
[PlyCount "45"]
[EventDate "2014.01.17"]
[EventType "swiss"]
[EventRounds "9"]
[EventCountry "CRO"]
[SourceTitle "CBM 158 Extra"]
[Source "ChessBase"]
[SourceDate "2014.02.28"]
[SourceVersion "1"]
[SourceVersionDate "2014.02.28"]
[SourceQuality "1"]

1. e4 Nc6 2. d4 d6 3. Nc3 a6 4. Nf3 h6 5. Be2 Nf6 6. 0-0 e6 7. Bf4 Be7 8. Re1 Bd7 9. e5 Nh7 10. Qd2 Ng5 11. Rad1 d5 12. a3 b6 13. Na2 Na5 14. Qc1 b5 15. Nd2 c6 16. b3 c5 17. Be3 cxd4 18. Bxd4 Qc7 19. Qb2 Rc8 20. Rc1 Nc6 21. c3 Nh7 22. Nb4 Qb7 23. Bf3 1-0

[Event "Mediterranean op 6th"]
[Site "Rijeka"]
[Date "2013.11.30"]
[Round "1"]
[White "Baljak, Jadranko"]
[Black "Batory, Drazen"]
[Result "0-1"]
[WhiteElo "1912"]
[BlackElo "1600"]
[PlyCount "119"]
[EventDate "2013.11.30"]
[EventType "swiss"]
[EventRounds "9"]
[EventCountry "CRO"]
[SourceTitle "CBM 157 Extra"]
[Source "ChessBase"]
[SourceDate "2013.12.19"]
[SourceVersion "1"]
[SourceVersionDate "2013.12.19"]
[SourceQuality "1"]

1. d4 d5 2. c4 e6 3. Nf3 c6 4. e3 Nf6 5. Bd3 dxc4 6. Bxc4 Bd6 7. 0-0 0-0 8. Qe2 Nbd7 9. Rd1 Qc7 10. Nc3 b5 11. Bd3 e5 12. dxe5 Nxe5 13. Nxe5 Bxe5 14. h3 Be6 15. Qc2 Rad8 16. Bd2 a6 17. Rac1 Rd6 18. Ne4 Nxe4 19. Bxe4 Bh2+ 20. Kh1 g6 21. Bb4 Rxd1+ 22. Rxd1 Rc8 23. Bc5 Be5 24. b3 Bg7 25. Qd2 Bf8 26. b4 Bxc5 27. bxc5 Qa7 28. Rc1 Qe7 29. Qa5 Bxh3 30. Bf3 Bd7 31. Qxa6 Rc7 32. a4 Qh4+ 33. Kg1 Qxa4 34. Ra1 Qxa6 35. Rxa6 Kg7 36. Kf1 Kf6 37. Ke2 Ke5 38. Kd2 f5 39. g3 g5 40. Kc3 f4 41. Ra1 g4 42. gxf4+ Kf6 43. Be2 Rb7 44. Rh1 b4+ 45. Kd4 Be6 46. e4 b3 47. f5 b2 48. Bd3 Ba2 49. e5+ Kg5 50. Bb1 Bxb1 51. Rxb1 Kxf5 52. e6 Kxe6 53. Ke4 h5 54. f4 g3 55. Kf3 h4 56. Kg2 Kf5 57. Kg1 Kxf4 58. Kg2 Kg4 59. Rh1 h3+ 60. Rxh3 0-1